<?xml version="1.0" encoding="UTF-8"?><?xml-stylesheet type="text/xsl" href="static/style.xsl"?><OAI-PMH xmlns="http://www.openarchives.org/OAI/2.0/" xmlns:xsi="http://www.w3.org/2001/XMLSchema-instance" xsi:schemaLocation="http://www.openarchives.org/OAI/2.0/ http://www.openarchives.org/OAI/2.0/OAI-PMH.xsd"><responseDate>2026-04-13T15:20:08Z</responseDate><request verb="GetRecord" identifier="oai:www.recercat.cat:20.500.14342/2038" metadataPrefix="marc">https://recercat.cat/oai/request</request><GetRecord><record><header><identifier>oai:recercat.cat:20.500.14342/2038</identifier><datestamp>2025-05-31T23:46:14Z</datestamp><setSpec>com_2072_482405</setSpec><setSpec>com_2072_183628</setSpec><setSpec>col_2072_482411</setSpec></header><metadata><record xmlns="http://www.loc.gov/MARC21/slim" xmlns:dcterms="http://purl.org/dc/terms/" xmlns:xsi="http://www.w3.org/2001/XMLSchema-instance" xmlns:doc="http://www.lyncode.com/xoai" xsi:schemaLocation="http://www.loc.gov/MARC21/slim http://www.loc.gov/standards/marcxml/schema/MARC21slim.xsd">
   <leader>00925njm 22002777a 4500</leader>
   <datafield ind2=" " ind1=" " tag="042">
      <subfield code="a">dc</subfield>
   </datafield>
   <datafield ind2=" " ind1=" " tag="720">
      <subfield code="a">Marín i Torné, Francesc-Xavier</subfield>
      <subfield code="e">author</subfield>
   </datafield>
   <datafield ind2=" " ind1=" " tag="260">
      <subfield code="c">2012-12</subfield>
   </datafield>
   <datafield ind2=" " ind1=" " tag="520">
      <subfield code="a">L’emigració té a veure amb una mobilitat que, subjacent al desplaçament físic del subjecte que emigra, en realitat es refereix a una redefinició identitària. Qui emigra duu amb ell una herència cultural que ha d’aprendre a readaptar al nou territori on s’instal·larà. Per això l’antropologia de les migracions cada vegada més centra els seus esforços en dos aspectes: en primer lloc, la globalització que, amb la seva pretensió d’esborrar les fronteres o de fer-les irrellevants, facilita en gran mesura els desplaçaments de milions de persones arreu del món; en segon lloc, la convicció postmoderna d’una erosió profunda de les identitats fortes que presenta l’immigrant com un paradigma del que significa avui la flexibilitat identitària.</subfield>
   </datafield>
   <datafield ind1="8" ind2=" " tag="024">
      <subfield code="a">http://hdl.handle.net/20.500.14342/2038</subfield>
   </datafield>
   <datafield tag="653" ind2=" " ind1=" ">
      <subfield code="a">Emigració i immigració</subfield>
   </datafield>
   <datafield tag="653" ind2=" " ind1=" ">
      <subfield code="a">Identitat (Concepte filosòfic)</subfield>
   </datafield>
   <datafield ind2="0" ind1="0" tag="245">
      <subfield code="a">Identitat, territori i mobilitat : apunts per a una antropologia de la immigració</subfield>
   </datafield>
</record></metadata></record></GetRecord></OAI-PMH>